民国时期江苏省所有行政区 - Statistics

General Stats
  • This quiz has been taken 2 times
  • The average score is 59 of 63
Answer Stats
Hint Answer % Correct
首都 南京
100%
省会 镇江
100%
院辖市 上海
100%
省辖市 徐州
100%
省辖市 连云
100%
上海
100%
南汇
100%
宝山
100%
奉贤
100%
金山
100%
崇明
100%
松江
100%
青浦
100%
昆山
100%
太仓
100%
崇明
100%
吴县
100%
无锡
100%
江阴
100%
常熟
100%
武进
100%
宜兴
100%
金坛
100%
丹阳
100%
溧阳
100%
句容
100%
高淳
100%
江宁
100%
六合
100%
启东
100%
海门
100%
南通
100%
如皋
100%
扬中
100%
高邮
100%
仪征
100%
东台
100%
兴化
100%
宝应
100%
盐城
100%
淮安
100%
阜宁
100%
涟水
100%
泗阳
100%
宿迁
100%
睢宁
100%
沭阳
100%
东海
100%
灌云
100%
赣榆
100%
沭阳
100%
萧县
100%
沛县
100%
丰县
100%
砀山
100%
川沙
50%
溧水
50%
泰兴
50%
泰县
50%
江都
50%
淮阴
50%
邳县
50%
江浦
0%
No matching quizzes found
Score Distribution
Percent of People with Each Score
Percentile by Number Answered
Your Score History
You have not taken this quiz